000 01059nam a2200205Ia 4500
008 0000001997 pr a 0000000000spa00
090 _aPPR00 R15a
100 1 _aRamos Caro, Jorge
245 1 0 _aAixa Requena
_b: texturas antillanas = textures antillaises
_c/ textos Jorge Ramos Caro, Carlos Anguita ; fotografías Carlos Martínez Palmer ; traducción Robert Villanua, Corinne Etienne
300 _a28 p.
_c/ 28 cm.
500 _aExposición realizada en Salle des Pas Perdus, Paris, Febrero 19 Marzo 17, 1997 ; Museo de Arte Contemporáneo de Puerto Rico, San Juan, Abril 25 Junio 7, 1997 \ Texto en español y francés
600 0 0 _aREQUENA, AIXA/
_xTRABAJOS PICTORICOS
650 1 4 _aARTE CONTEMPORANEO PUERTORRIQUEÑO
650 1 4 _xCATALOGOS
650 1 4 _xEXPOSICIONES
650 1 4 _aPINTORES PUERTORRIQUEÑOS
650 1 4 _aPINTURA PUERTORRIQUEÑA
700 1 _aAnguita, Carlos \ Martínez Palmer, Carlos \ Villanua, Robert, tr. \ Etienne, Corinne, tr.
999 _c2235
_d2235
260 _a[San Juan] : Universidad Interamericana de Puerto Rico
_c1997